| 000 | 00608nam a22001817a 4500 | ||
|---|---|---|---|
| 003 | BUBTL | ||
| 008 | 190303b xxu||||| |||| 00| 0 eng d | ||
| 020 | _a984-458-098-6 | ||
| 082 | _a891.443 / AHE | ||
| 100 |
_91693 _aআহমেদ, হুমায়ূন |
||
| 245 |
_aএবং হিমু / _cহুমায়ূন আহমেদ |
||
| 260 |
_aঢাকা : _bসময় প্রকাশন, _cc1996. |
||
| 300 |
_a80 p. : _c22 cm. |
||
| 650 | 0 |
_91700 _aবাংলা সাহিত্য |
|
| 856 |
_k0 _l0 _yDownload |
||
| 942 |
_2ddc _cBK |
||
| 999 |
_c5887 _d5887 |
||